Arte para fabricar aparejar naos 1.611 / (Record no. 39481)

MARC details
000 -LEADER
campo de control de longitud fija 00861nam a2200229 i 4500
001 - NÚMERO DE CONTROL
campo de control 39481
003 - IDENTIFICADOR DE NÚMERO DE CONTROL
campo de control ES-MaACL
005 - FECHA Y HORA DE LA ÚLTIMA TRANSACCIÓN
campo de control 20250728141540.0
007 - CAMPO FIJO DE DESCRIPCIÓN FÍSICA--INFORMACIÓN GENERAL
campo de control de longitud fija t|
008 - DATOS DE LONGITUD FIJA--INFORMACIÓN GENERAL
campo de control de longitud fija 030303s1964 sp ||||1| spa d
100 1# - ENTRADA PRINCIPAL--NOMBRE DE PERSONA
Nombre de persona Cano, Tomé.
9 (RLIN) 34539
245 10 - MENCIÓN DEL TÍTULO
Título Arte para fabricar aparejar naos 1.611 /
Mención de responsabilidad, etc. Tomé Cano ; edición y prólogo por Enrique Marco Dorta.
260 ## - PUBLICACIÓN, DISTRIBUCIÓN, ETC.
Lugar de publicación, distribución, etc. La Laguna :
Nombre del editor, distribuidor, etc. Instituto de Estudios Canarios,
Fecha de publicación, distribución, etc. 1964.
300 ## - DESCRIPCIÓN FÍSICA
Extensión 116 p. ;
Dimensiones 22 cm.
490 1# - MENCIÓN DE SERIE
Mención de serie Biblioteca isleña ;
Designación de volumen o secuencia 2. Biblioteca de autores canarios
650 ## - PUNTO DE ACCESO ADICIONAL DE MATERIA--TÉRMINO DE MATERIA
Término de materia o nombre geográfico como elemento de entrada Arquitectura naval-
Subdivisión de forma Obras anteriores a 1800.
9 (RLIN) 167490
700 1# - ENTRADA AGREGADA--NOMBRE PERSONAL
Nombre de persona Marco Dorta, Enrique,
Fechas asociadas al nombre 1911-1980
9 (RLIN) 76479
710 2# - ENTRADA AGREGADA--NOMBRE DE ENTIDAD CORPORATIVA
Nombre de entidad corporativa o nombre de jurisdicción como elemento de entrada Instituto de Estudios Canarios.
9 (RLIN) 4891
830 0# - PUNTO DE ACCESO ADICIONAL DE SERIE-TÍTULO UNIFORME
Título uniforme Biblioteca isleña ;
Designación de volumen o secuencia 2. Biblioteca de autores canarios
9 (RLIN) 183694
852 ## - LOCALIZACIÓN
Ubicación ES-MaACL
Número de control de estantería C-26759
Sublocalización o colección R.55808
Holdings
Estatus retirado Estado de pérdida Estado de daño No para préstamo Biblioteca de origen Biblioteca actual Ubicación en estantería Fecha de adquisición Fuente de adquisición Total de préstamos Signatura topográfica completa Código de barras Visto por última vez Precio de reemplazo Tipo de ítem Koha
        Biblioteca del Ateneo de Madrid Biblioteca del Ateneo de Madrid Depósito 2 17/01/2008     C-26759 1041579 23/02/2023 23/02/2023 Libro impreso